Softvér pre výučbu odčítavania na špirálovom mikroskope

Enregistré dans:
Détails bibliographiques
Auteur principal: Strečanský, Lukáš, 1987- (Auteur)
Autres auteurs: Görög, Augustín, 1969- (Directeur de thèse)
Format: Manuscrit Livre
Langue:slovaque
Publié: Trnava : STU v Bratislave MTF UVTE KOM, 2010
Sujets:
Accès en ligne:VAIS
Tags: Ajouter un tag
Pas de tags, Soyez le premier à ajouter un tag!

MARC

LEADER 00000ntm a22000003a 4500
001 stu217761
005 20160719160341.3
008 101130s2010----xo------------------slo-d
040 |a STU  |b slo 
041 0 |a slo 
044 |a xo 
100 1 |a Strečanský, Lukáš,  |d 1987-  |4 aut  |X 48497  |7 A000048497 
242 0 0 |a Software for learning to read-out spiral microscope  |y eng 
245 1 |a Softvér pre výučbu odčítavania na špirálovom mikroskope 
260 |a Trnava :  |b STU v Bratislave MTF UVTE KOM,  |c 2010 
650 7 |a počítačová podpora výrobných technológií  |2 stusub 
650 7 |a Computing Support of Manufacturing Technologies  |2 estusub 
650 7 |a software  |2 estusub 
650 7 |a reading  |2 estusub 
650 7 |a education  |2 estusub 
650 7 |a program  |2 stusub 
700 1 |a Görög, Augustín,  |d 1969-  |4 ths  |u M3000  |U MTF Materiálovotechnologická fakulta  |T MTF Ústav výrobných technológií  |X 4179  |U M3000  |Y 83  |7 A000004179 
856 4 |a info a plný text  |u http://is.stuba.sk/zp/portal_zp.pl?podrobnosti=47114  |3 VAIS 
996 |c M*BP-5091  |l MMSKP  |s P  |a 0  |w stu217761_0001